000 00500 a2200217 4500
260 _bEconomie et humanisme
300 _a315p
245 _aLes rouages de l'économie nationale
650 _aEconomie nationale : théorie
260 _aParis
300 _b18 cm
260 _c1983
100 _lFr
630 _aEconomie.économie politique
037 _a8792
650 _a3 - SCIENCES SOCAILES
700 _aAlbertini, J.-M.
020 _a2-7082-0663-X
999 _c43898
_d43898